| 000 | 01331cam a22003737a 4500 | ||
|---|---|---|---|
| 001 | 2990 | ||
| 003 | FISKH | ||
| 005 | 20240129145641.0 | ||
| 008 | 091026s2006 enk j 000 1 eng | ||
| 010 | _a 2009517252 | ||
| 015 |
_aGBA655581 _2bnb |
||
| 016 | 7 |
_a013494646 _2Uk |
|
| 020 | _a0340911697 (pbk.) | ||
| 020 | _a9780340911693 (pbk.) | ||
| 035 | _a(OCoLC)ocm70173265 | ||
| 040 |
_aUKM _cUKM _dYDXCP _dDLC _beng |
||
| 042 |
_aukblsr _alccopycat |
||
| 050 | 0 | 0 |
_aPZ7.M869647 _bMa 2006 |
| 082 | 0 | 4 |
_a823.92 _222 |
| 100 | 1 | _aMuchamore, Robert. | |
| 245 | 1 | 0 |
_aMan vs beast / _cRobert Muchamore. |
| 250 | _aThis edition published 2014 | ||
| 260 |
_aLondon : _bHodder Children's, _c2006. |
||
| 300 |
_a310 pages : _c20 cm. |
||
| 490 | 0 |
_aCHERUB ; _vBook 6 |
|
| 520 | _aWhen a new radical animal protection group argues that it is right to kill or threaten one human in order to save the lives of many animals, James and the other agents must try to stop the group from completing a violent mission. | ||
| 650 | 0 |
_aCHERUB (Imaginary organization) _vJuvenile fiction. |
|
| 650 | 0 |
_aEspionage _vJuvenile fiction. |
|
| 650 | 0 |
_aAnimal rights activists _vJuvenile fiction. |
|
| 655 | 7 |
_aSpy stories. _2gsafd |
|
| 655 | 0 | _aChildren's stories. | |
| 906 |
_a7 _bcbc _ccopycat _d2 _encip _f20 _gy-gencatlg |
||
| 942 |
_2ddc _cBK _n0 |
||
| 999 |
_c2990 _d2990 |
||